|
|
|
|
| LEADER |
00000naa a2200000 a 4500 |
| 001 |
vtls011854974 |
| 003 |
SK-MaSNL |
| 005 |
20260302133204.0 |
| 008 |
210910|2012 xo |||||||||||||||||eng| |
| 015 |
|
|
|a SNBCL
|
| 035 |
|
|
|a (urnnbn)urn:nbn:sk:snk:ar-a0azds
|
| 035 |
|
|
|a urn:nbn:sk:snk-aaw927
|
| 035 |
|
|
|a (uuid)7422f233-e20c-41b8-b154-8aaed9fc56c9
|
| 040 |
|
|
|a SNKBUCL
|b slo
|c SNKBUCL
|e AACR2
|
| 041 |
|
|
|a eng
|
| 044 |
|
|
|a xo
|c SK
|
| 100 |
1 |
|
|a Drafi, František
|4 aut
|9 819493
|
| 245 |
1 |
0 |
|a Evaluation of combined methotrexate therapy with antioxidant active substances in adjuvant-induced arthritis :
|b A new approach to rheumatoid arthritis treatment
|c František Drafi, Katarina Bauerova, Viera Kuncirova, Silvester Ponist, Danica Mihalova, Alexander Boldyrev, Juraj Harmatha, Radomir Nosal
|
| 336 |
|
|
|a text
|b txt
|c rdacontent
|
| 337 |
|
|
|a bez média
|b n
|c rdamedia
|
| 338 |
|
|
|a zväzok
|b nc
|c rdacarrier
|
| 655 |
|
7 |
|a články zo zborníkov
|2 snkbucl
|9 166140
|
| 700 |
1 |
|
|a Boldyrev, Alexander
|4 aut
|9 819494
|
| 700 |
1 |
|
|a Mihalova, Danica
|4 aut
|9 701606
|
| 700 |
1 |
|
|a Harmatha, Juraj
|4 aut
|9 819489
|
| 700 |
1 |
|
|a Bauerová, Katarína,
|d 1961-
|4 aut
|9 15482
|
| 700 |
1 |
|
|a Nosáľ, Radomír,
|d 1941-2020
|4 aut
|9 218393
|
| 700 |
1 |
|
|a Ponist, Silvester
|4 aut
|9 776897
|
| 700 |
1 |
|
|a Kuncirova, Viera
|4 aut
|9 819495
|
| 773 |
0 |
|
|t Drugs Their Action in Pharmacology and Toxicology
|d Bratislava : Institute of Experimental Pharmacology & Toxicology, 2012
|g S. [161]-175
|z 9788097104207
|
| 958 |
|
|
|a OND
|
| 958 |
|
|
|a article26
|
| 958 |
|
|
|a chapter
|
| 999 |
|
|
|c 1315768
|d 1317698
|